000
00331nam a2200145Ia 4500
100
_a
Wartikar/J.N.& P.N.
490
_v
III
942
_c
BK
654
_a
Engg. mathematics III
245
_a
Engg. Mathematics III
260
_b
Pune vidyarthi griha prak.
_a
Pune
_c
1997
082
_a
519
_b
WAR
546
_a
ENGLISH
999
_c
28954
_d
28954